[Event "Milan Autumn op"]
[Site "Milan"]
[Date "2015.09.17"]
[Round "2"]
[White "Cantoro, Daniele"]
[Black "Paolillo, Giampiero"]
[Result "1-0"]
[WhiteElo "2130"]
[BlackElo "1737"]
[PlyCount "47"]
[EventDate "2015.09.15"]
[EventType "swiss"]
[EventRounds "8"]
[EventCountry "ITA"]
[SourceTitle "EXT 2024"]
[Source "ChessBase"]
[SourceDate "2023.10.10"]
[SourceVersion "1"]
[SourceVersionDate "2023.10.10"]
[SourceQuality "1"]

1. d4 d5 2. Nf3 Nf6 3. c4 e6 4. Nc3 c6 5. e3 Be7 6. Qc2 Nbd7 7. Bd3 dxc4 8. Bxc4 Nd5 9. a3 a5 10. 0-0 0-0 11. Bd3 h6 12. Bd2 Bd6 13. e4 Nxc3 14. Bxc3 Qe7 15. Nd2 e5 16. Nc4 exd4 17. Bxd4 Be5 18. Nxe5 Nxe5 19. Bc5 Qh4 20. Bxf8 Bh3 21. f4 Nxd3 22. Qxd3 Bxg2 23. Kxg2 Rd8 24. Qg3 1-0

[Event "Milan SSM op 05"]
[Site "Milan"]
[Date "2015.05.22"]
[Round "3"]
[White "Cantoro, Daniele"]
[Black "Astengo, Corrado"]
[Result "0-1"]
[WhiteElo "2107"]
[BlackElo "2112"]
[PlyCount "48"]
[EventDate "2015.05.20"]
[EventType "swiss"]
[EventRounds "6"]
[EventCountry "ITA"]
[SourceTitle "EXT 2017"]
[Source "ChessBase"]
[SourceDate "2016.10.25"]
[SourceVersion "1"]
[SourceVersionDate "2016.10.25"]
[SourceQuality "1"]

1. d4 d5 2. c4 c6 3. Nc3 Nf6 4. cxd5 cxd5 5. Nf3 Nc6 6. Bf4 a6 7. e3 Bg4 8. h3 Bh5 9. g4 Bg6 10. Qb3 Na5 11. Qa4+ Nc6 12. Ne5 Qb6 13. 0-0-0 e6 14. h4 Bb4 15. Nb1 Rc8 16. a3 0-0 17. axb4 Nxe5+ 18. Nc3 Nexg4 19. h5 Nxh5 20. f3 Nf2 21. Rxh5 Nxd1 22. Rh2 Nxc3 23. bxc3 Rxc3+ 24. Kb2 Rfc8 0-1

[Event "Milan Palladino Memorial-A 7th"]
[Site "Milan"]
[Date "2015.04.06"]
[Round "7"]
[White "Cantoro, Daniele"]
[Black "Cazzaniga, Walter"]
[Result "0-1"]
[WhiteElo "2105"]
[BlackElo "2148"]
[PlyCount "124"]
[EventDate "2015.04.02"]
[EventType "swiss"]
[EventRounds "7"]
[EventCountry "ITA"]
[SourceTitle "EXT 2017"]
[Source "ChessBase"]
[SourceDate "2016.10.25"]
[SourceVersion "1"]
[SourceVersionDate "2016.10.25"]
[SourceQuality "1"]

1. d4 Nf6 2. c4 g6 3. Nc3 Bg7 4. e4 d6 5. Nf3 0-0 6. h3 c6 7. Be3 a6 8. a4 a5 9. g4 Na6 10. g5 Nh5 11. Be2 e5 12. dxe5 dxe5 13. Qxd8 Rxd8 14. Bb6 Re8 15. Bxa5 Nc5 16. Bb6 Nb3 17. Rd1 Nf4 18. Bf1 Be6 19. Be3 Rad8 20. Bb6 Rxd1+ 21. Kxd1 Nd4 22. Ne1 h6 23. gxh6 Bxh6 24. Nc2 Bg7 25. Ne3 f6 26. Kc1 Kf7 27. b4 Rh8 28. Kb2 Ra8 29. a5 Bf8 30. Ka3 Be7 31. Na4 f5 32. exf5 gxf5 33. Nc5 Bc8 34. h4 Nh5 35. Nd3 Bf6 36. Bc7 e4 37. Nf4 Nxf4 38. Bxf4 c5 39. Bd6 cxb4+ 40. Bxb4 b6 41. Bc3 bxa5 42. Nd5 Bh8 43. Nb6 Rb8 44. Bxd4 Bxd4 45. Nxc8 Rxc8 46. Rh2 Kg6 47. Rg2+ Kh6 48. Rg5 Rc5 49. Bh3 f4 50. Rxc5 Bxc5+ 51. Kb3 Bxf2 52. Bf5 e3 53. Bg4 Bxh4 54. c5 Bd8 55. Kc3 Kg5 56. Bd1 Kh4 57. Kd3 Kg3 58. Ke2 Be7 59. c6 Bd6 60. Bb3 Bc7 61. Kd3 Bb6 62. Ke4 e2 0-1

[Event "Milan Palladino Memorial-A 7th"]
[Site "Milan"]
[Date "2015.04.06"]
[Round "6"]
[White "Podetti, Davide"]
[Black "Cantoro, Daniele"]
[Result "1/2-1/2"]
[WhiteElo "1974"]
[BlackElo "2105"]
[PlyCount "83"]
[EventDate "2015.04.02"]
[EventType "swiss"]
[EventRounds "7"]
[EventCountry "ITA"]
[SourceTitle "EXT 2017"]
[Source "ChessBase"]
[SourceDate "2016.10.25"]
[SourceVersion "1"]
[SourceVersionDate "2016.10.25"]
[SourceQuality "1"]

1. e4 c5 2. Nc3 Nc6 3. g3 g6 4. Bg2 Bg7 5. d3 d6 6. f4 e6 7. Nf3 Nge7 8. 0-0 0-0 9. Be3 Nd4 10. Qd2 Rb8 11. Nd1 b5 12. c3 Nxf3+ 13. Bxf3 b4 14. d4 bxc3 15. Nxc3 cxd4 16. Bxd4 Bxd4+ 17. Qxd4 Nc6 18. Qf2 Qb6 19. Qxb6 Rxb6 20. Rfd1 Rd8 21. Rd2 Kf8 22. Rc1 Bb7 23. Kf2 Ke7 24. b3 Na5 25. Rdc2 Kd7 26. Ke3 Rc8 27. Ne2 Rxc2 28. Rxc2 Nc6 29. Nd4 e5 30. Nxc6 Rxc6 31. Rxc6 Kxc6 32. Be2 Kc5 33. a3 a5 34. Bc4 f5 35. fxe5 fxe4 36. exd6 Kxd6 37. Kd4 h6 38. b4 axb4 39. axb4 g5 40. Bg8 Bc6 41. Bh7 Bd7 42. b5 1/2-1/2

[Event "Milan Palladino Memorial-A 7th"]
[Site "Milan"]
[Date "2015.04.04"]
[Round "4"]
[White "Astengo, Corrado"]
[Black "Cantoro, Daniele"]
[Result "1/2-1/2"]
[WhiteElo "2100"]
[BlackElo "2105"]
[PlyCount "43"]
[EventDate "2015.04.02"]
[EventType "swiss"]
[EventRounds "7"]
[EventCountry "ITA"]
[SourceTitle "EXT 2017"]
[Source "ChessBase"]
[SourceDate "2016.10.25"]
[SourceVersion "1"]
[SourceVersionDate "2016.10.25"]
[SourceQuality "1"]

1. e4 c5 2. Nf3 Nc6 3. d4 cxd4 4. Nxd4 Nf6 5. Nc3 e5 6. Ndb5 d6 7. Bg5 a6 8. Na3 b5 9. Bxf6 gxf6 10. Nd5 Bg7 11. c3 0-0 12. Nc2 f5 13. exf5 Bxf5 14. Nce3 Be6 15. Bd3 f5 16. 0-0 Ra7 17. a4 Ne7 18. Nxe7+ Rxe7 19. axb5 axb5 20. Bxb5 d5 21. Ra6 Kh8 22. Rxe6 1/2-1/2

[Event "Milan Palladino Memorial-A 7th"]
[Site "Milan"]
[Date "2015.04.04"]
[Round "3"]
[White "Cantoro, Daniele"]
[Black "Podini, Francesco"]
[Result "1-0"]
[WhiteElo "2105"]
[BlackElo "2014"]
[PlyCount "155"]
[EventDate "2015.04.02"]
[EventType "swiss"]
[EventRounds "7"]
[EventCountry "ITA"]
[SourceTitle "EXT 2017"]
[Source "ChessBase"]
[SourceDate "2016.10.25"]
[SourceVersion "1"]
[SourceVersionDate "2016.10.25"]
[SourceQuality "1"]

1. d4 e6 2. e4 c5 3. Nf3 cxd4 4. Nxd4 Nf6 5. Nc3 d6 6. g3 a6 7. Bg2 Be7 8. 0-0 Qc7 9. a4 Nc6 10. Nb3 b6 11. f4 Nd7 12. Kh1 0-0 13. g4 Re8 14. g5 Rb8 15. Be3 Na5 16. Nd4 Bf8 17. Qh5 g6 18. Qh4 Bb7 19. Bg1 Nc4 20. Rf3 Bg7 21. Rh3 Nf8 22. b3 e5 23. fxe5 Nxe5 24. Nd5 Bxd5 25. exd5 Qd7 26. Rg3 Qd8 27. Re1 h5 28. Nc6 Nxc6 29. Rxe8 Qxe8 30. dxc6 Ne6 31. Rd3 Qe7 32. Be3 b5 33. a5 Be5 34. c4 b4 35. Rd1 Rc8 36. Rf1 Nd8 37. Bd5 Kg7 38. Qf2 Nxc6 39. Qxf7+ Qxf7 40. Rxf7+ Kh8 41. Be4 Nxa5 42. Bxg6 Nxb3 43. Bf5 Re8 44. g6 Nd4 45. Bd7 Rb8 46. Bxd4 Bxd4 47. Rh7+ Kg8 48. Be6+ Kf8 49. Rf7+ Ke8 50. g7 Bxg7 51. Rxg7 Rb6 52. Ra7 b3 53. Bf5 b2 54. Bb1 Rb4 55. Rxa6 Rxc4 56. Bg6+ Ke7 57. Rb6 Rc1+ 58. Kg2 Rc5 59. Bb1 Ke6 60. Rxb2 Ke5 61. Re2+ Kf4 62. Re4+ Kg5 63. h4+ Kf6 64. Rf4+ Ke6 65. Bd3 Rc3 66. Be2 Ke5 67. Rf8 Rc2 68. Kf1 Rc1+ 69. Kf2 Rc2 70. Rh8 d5 71. Rxh5+ Ke4 72. Rh8 d4 73. Rd8 Rd2 74. Ke1 Rb2 75. h5 Ke3 76. Re8+ Kf4 77. h6 Rb1+ 78. Bd1 1-0

[Event "Lesa op 2nd"]
[Site "Lesa"]
[Date "2013.09.21"]
[Round "2"]
[White "Gemelli, Giovanni"]
[Black "Cantoro, Daniele"]
[Result "1/2-1/2"]
[WhiteElo "1854"]
[BlackElo "2124"]
[PlyCount "165"]
[EventDate "2013.09.20"]
[EventType "swiss"]
[EventRounds "5"]
[EventCountry "ITA"]
[SourceTitle "EXT 2015"]
[Source "ChessBase"]
[SourceDate "2014.11.20"]
[SourceVersion "1"]
[SourceVersionDate "2014.11.20"]
[SourceQuality "1"]

1. e4 c5 2. Nf3 Nc6 3. d4 cxd4 4. Nxd4 g6 5. Nc3 Bg7 6. Be3 Nf6 7. Bc4 0-0 8. 0-0 Nxe4 9. Nxe4 d5 10. Nxc6 bxc6 11. Bd3 dxe4 12. Bxe4 Qc7 13. c3 f5 14. Bc2 f4 15. Bd4 e5 16. Bc5 Rd8 17. Qe2 Be6 18. f3 Qa5 19. Bb4 Qb6+ 20. Kh1 a5 21. Ba3 Qe3 22. Qxe3 fxe3 23. Rfe1 Bh6 24. Bc5 Rd2 25. Be4 e2 26. f4 Bxf4 27. Bf3 Rxb2 28. Bxe2 Bd2 29. Red1 Bxc3 30. Bf3 Rd2 31. Rxd2 Bxd2 32. Bd6 Bc3 33. Rc1 Rd8 34. Bc7 Rd3 35. Bxc6 Bb2 36. Re1 Bxa2 37. Bxa5 Bc3 38. Bxc3 Rxc3 39. Bf3 Kf7 40. Kg1 Ke6 41. Kf2 Rc2+ 42. Kg3 Bd5 43. h4 Rc3 44. Kf2 Bxf3 45. gxf3 Kf5 46. Kg3 h6 47. Re2 Rc1 48. Kg2 Rd1 49. Kg3 Rd4 50. Re3 Rd2 51. Ra3 Re2 52. Ra5 h5 53. Rb5 Rd2 54. Rb8 Rd6 55. Rb5 Kf6 56. Rb8 e4 57. Rf8+ Ke5 58. fxe4 Kxe4 59. Ra8 Rd5 60. Ra3 Rd4 61. Rb3 Kf5 62. Rb5+ Kf6 63. Rg5 Rd3+ 64. Kg2 Re3 65. Kh2 Rf3 66. Kg2 Rf5 67. Rg3 Rf4 68. Kh3 Re4 69. Rg5 Re6 70. Kg2 Ke7 71. Kf3 Rf6+ 72. Kg2 Kf7 73. Kh3 Rf3+ 74. Rg3 Rxg3+ 75. Kxg3 Kf6 76. Kf4 Ke6 77. Ke4 Kf7 78. Kf4 Kg7 79. Kg5 Kh7 80. Kf4 Kg7 81. Kg5 Kf7 82. Kf4 Kf6 83. Ke4 1/2-1/2

[Event "Pardubice Czech op-A 24th"]
[Site "Pardubice"]
[Date "2013.07.25"]
[Round "7"]
[White "Jasny, Stanislav"]
[Black "Cantoro, Daniele"]
[Result "1-0"]
[WhiteElo "2290"]
[BlackElo "2108"]
[PlyCount "120"]
[EventDate "2013.07.19"]
[EventType "swiss"]
[EventRounds "9"]
[EventCountry "CZE"]
[SourceTitle "CBM 155 Extra"]
[Source "ChessBase"]
[SourceDate "2013.08.26"]
[SourceVersion "1"]
[SourceVersionDate "2013.08.26"]
[SourceQuality "1"]

1. Nf3 d5 2. g3 Nc6 3. d4 Bg4 4. Nbd2 f6 5. c3 Qd7 6. h3 Bh5 7. Bg2 0-0-0 8. b4 Re8 9. b5 Nb8 10. Qb3 e5 11. Nf1 c5 12. bxc6 Nxc6 13. Ne3 Bf7 14. 0-0 e4 15. Nd2 f5 16. Rb1 Na5 17. Qb5 Qxb5 18. Rxb5 Nc6 19. Nxf5 g6 20. Ne3 Nf6 21. Rb1 Bh6 22. Nb3 Nd7 23. Nc2 Bg7 24. Bf4 Nb6 25. Ne3 h6 26. g4 h5 27. Nc5 Bf8 28. Rfd1 hxg4 29. hxg4 Bxc5 30. dxc5 Na4 31. Rbc1 Nxc5 32. Nxd5 Nd3 33. exd3 Bxd5 34. c4 Be6 35. dxe4 Bxg4 36. Rd6 Re6 37. f3 Rxd6 38. Bxd6 Be6 39. a3 Rd8 40. c5 Nd4 41. Kf2 Nb3 42. Rc3 Kd7 43. f4 Rh8 44. f5 gxf5 45. exf5 Bf7 46. Re3 Re8 47. Rxe8 Bxe8 48. Bxb7 Nd4 49. Be4 Nb5 50. Be5 Nxa3 51. c6+ Kc8 52. Bd5 Nb5 53. f6 a5 54. f7 Bxf7 55. Bxf7 a4 56. Bc4 Na7 57. Be6+ Kd8 58. c7+ Ke7 59. c8Q Nxc8 60. Bxc8 a3 1-0

[Event "Pardubice Czech op-A 24th"]
[Site "Pardubice"]
[Date "2013.07.23"]
[Round "5"]
[White "Kazakov, Konstantin"]
[Black "Cantoro, Daniele"]
[Result "1/2-1/2"]
[WhiteElo "2307"]
[BlackElo "2108"]
[PlyCount "98"]
[EventDate "2013.07.19"]
[EventType "swiss"]
[EventRounds "9"]
[EventCountry "CZE"]
[SourceTitle "CBM 155 Extra"]
[Source "ChessBase"]
[SourceDate "2013.08.26"]
[SourceVersion "1"]
[SourceVersionDate "2013.08.26"]
[SourceQuality "1"]

1. e4 c5 2. Nf3 Nc6 3. Bb5 g6 4. Bxc6 dxc6 5. h3 Bg7 6. d3 Nf6 7. Nc3 0-0 8. Be3 b6 9. Qd2 e5 10. Bh6 Qd6 11. 0-0-0 a5 12. g4 a4 13. Bxg7 Kxg7 14. Nh4 b5 15. f4 b4 16. Ne2 exf4 17. Nf3 Re8 18. e5 Rxe5 19. Nxe5 Qxe5 20. Qxf4 Qxf4+ 21. Nxf4 g5 22. Ne2 Be6 23. a3 Bd5 24. Rhg1 Bf3 25. Rde1 Nd5 26. axb4 Bxe2 27. Rxe2 cxb4 28. Re5 h6 29. Kd2 a3 30. bxa3 Rxa3 31. Rb1 Ra8 32. Rb3 Kg6 33. Re4 Ra1 34. Rc4 Ra6 35. Rc5 Kf6 36. d4 Ke6 37. Rf3 f6 38. Rf1 Kd7 39. Rf3 Kd6 40. h4 Ra1 41. Rg3 Rf1 42. hxg5 hxg5 43. Ra5 Nc3 44. Kd3 Rd1+ 45. Kc4 Nd5 46. Ra2 Rf1 47. Rb2 Rf4 48. Kd3 Rf1 49. Rb3 Rf2 1/2-1/2

[Event "Porto San Giorgio op 23rd"]
[Site "Porto San Giorgio"]
[Date "2011.08.27"]
[Round "8"]
[White "Cantoro, Daniele"]
[Black "Barlocco, Carlo"]
[Result "1/2-1/2"]
[WhiteElo "1999"]
[BlackElo "2135"]
[PlyCount "124"]
[EventDate "2011.08.21"]
[EventType "swiss"]
[EventRounds "9"]
[EventCountry "ITA"]
[SourceTitle "CBM 144 Extra"]
[Source "ChessBase"]
[SourceDate "2011.10.28"]
[SourceVersion "1"]
[SourceVersionDate "2011.10.28"]
[SourceQuality "1"]

1. d4 d5 2. Bg5 h6 3. Bh4 c6 4. e3 Qb6 5. Qc1 e5 6. Nf3 e4 7. Nfd2 Ne7 8. f3 Nf5 9. Bf2 exf3 10. gxf3 Be7 11. c4 0-0 12. Nc3 Re8 13. cxd5 Bb4 14. a3 Bxc3 15. Qxc3 cxd5 16. Be2 Nc6 17. Nb3 Bd7 18. Nc5 Rad8 19. Qd3 Bc8 20. 0-0 Qc7 21. b4 Qe7 22. f4 Nxe3 23. Bxe3 Qxe3+ 24. Qxe3 Rxe3 25. Kf2 Rde8 26. Bb5 R8e7 27. Rfd1 Bg4 28. Rd2 a6 29. Bxc6 bxc6 30. Nxa6 Rf3+ 31. Kg2 Ra7 32. Nb8 Raxa3 33. Rxa3 Rxa3 34. Nxc6 Rb3 35. Kg1 Kh7 36. Ne7 Bf3 37. Nc6 f6 38. Rc2 Kg6 39. Rc5 Kf5 40. b5 Kxf4 41. Ne7 Be2 42. Rxd5 Rxb5 43. Rd7 Kf3 44. h4 Rb1+ 45. Kh2 Rb2 46. Kg1 Bd3 47. Nd5 g5 48. Re7 Bc4 49. Re3+ Kg4 50. Nxf6+ Kxh4 51. d5 Bb5 52. Ne4 Kg4 53. Nf2+ Kf4 54. Re6 h5 55. Kg2 Bc4 56. Re4+ Kf5 57. Rxc4 Rd2 58. Rc5 g4 59. d6+ Kf4 60. Rxh5 Rxd6 61. Rh4 Rg6 62. Nxg4 Rxg4+ 1/2-1/2

[Event "Porto San Giorgio op 23rd"]
[Site "Porto San Giorgio"]
[Date "2011.08.23"]
[Round "4"]
[White "Cantoro, Daniele"]
[Black "Proietti, Tosca"]
[Result "1-0"]
[WhiteElo "1999"]
[BlackElo "1821"]
[PlyCount "99"]
[EventDate "2011.08.21"]
[EventType "swiss"]
[EventRounds "9"]
[EventCountry "ITA"]
[SourceTitle "CBM 144 Extra"]
[Source "ChessBase"]
[SourceDate "2011.10.28"]
[SourceVersion "1"]
[SourceVersionDate "2011.10.28"]
[SourceQuality "1"]

1. d4 Nf6 2. Bg5 d5 3. Nc3 c6 4. Bxf6 exf6 5. e4 Bb4 6. exd5 Qxd5 7. Qd2 Bxc3 8. Qxc3 0-0 9. Nf3 Re8+ 10. Kd2 Be6 11. b3 Nd7 12. Bc4 Qd6 13. Rae1 Nb6 14. Bxe6 fxe6 15. Qc5 Qf4+ 16. Kc3 Rad8 17. Kb2 Rd5 18. Qc3 Qc7 19. Qe3 c5 20. c4 cxd4 21. Nxd4 Re5 22. Qc3 Rxe1 23. Qxe1 e5 24. Nb5 Qc5 25. Qe3 Qb4 26. Qd3 a6 27. Nc3 Qc5 28. Qe3 Qb4 29. Qd3 Qc5 30. Qe3 Qb4 31. Kc2 Rc8 32. a3 Qc5 33. Qxc5 Rxc5 34. Rd1 Kf7 35. Rd6 Rc6 36. Rxc6 bxc6 37. Ne4 Nd7 38. Kc3 Ke6 39. Kb4 h6 40. Ka5 f5 41. Nd2 Kd6 42. b4 e4 43. Kxa6 Kc7 44. a4 g5 45. g4 fxg4 46. Nxe4 Ne5 47. c5 Nd3 48. b5 cxb5 49. axb5 Nb4+ 50. Ka7 1-0

[Event "Crema op 11th"]
[Site "Crema"]
[Date "2009.09.04"]
[Round "2"]
[White "Gonella, Graziano"]
[Black "Cantoro, Daniele"]
[Result "0-1"]
[WhiteElo "1152"]
[BlackElo "1961"]
[PlyCount "76"]
[EventDate "2009.09.04"]
[EventType "swiss"]
[EventRounds "6"]
[EventCountry "ITA"]
[SourceTitle "EXT 2011"]
[Source "ChessBase"]
[SourceDate "2010.11.26"]
[SourceVersion "1"]
[SourceVersionDate "2010.11.26"]
[SourceQuality "1"]

1. e4 c5 2. Nc3 Nc6 3. Nf3 g6 4. Be2 Bg7 5. 0-0 e5 6. Bc4 h6 7. a3 Nge7 8. Re1 0-0 9. Nh4 d6 10. Re3 Kh7 11. Rf3 Bg4 12. Qf1 Bxf3 13. Nxf3 Nd4 14. Nxd4 cxd4 15. Nd5 f5 16. Nxe7 Qxe7 17. exf5 gxf5 18. Bd5 Rac8 19. c3 e4 20. cxd4 Bxd4 21. Qb5 Rc5 22. Qxb7 Qxb7 23. Bxb7 Rb8 24. Ba6 Rb6 25. Bf1 Rbc6 26. g3 Rxc1 27. Rxc1 Rxc1 28. Kg2 Bxb2 29. a4 Ra1 30. Bb5 Bd4 31. d3 d5 32. dxe4 dxe4 33. Bc6 Ra2 34. h3 Rxf2+ 35. Kh1 e3 36. g4 e2 37. Bg2 e1Q+ 38. Kh2 Be5# 0-1

[Event "ITA-ch U20"]
[Site "Fiuggi"]
[Date "2007.07.21"]
[Round "4"]
[White "Cantoro, Daniele"]
[Black "Caprio, Guido"]
[Result "1-0"]
[WhiteElo "1853"]
[BlackElo "1961"]
[PlyCount "89"]
[EventDate "2007.07.18"]
[EventType "swiss"]
[EventRounds "9"]
[EventCountry "ITA"]
[SourceTitle "CBM 119 Extra"]
[Source "ChessBase"]
[SourceDate "2007.09.04"]
[SourceVersion "1"]
[SourceVersionDate "2007.09.04"]
[SourceQuality "1"]

1. e4 c5 2. Nf3 d6 3. d4 cxd4 4. Nxd4 Nf6 5. Nc3 g6 6. Be3 Bg7 7. f3 Nc6 8. Bc4 0-0 9. Qd2 Bd7 10. 0-0-0 Rc8 11. Bb3 Ne5 12. h4 h5 13. Kb1 Re8 14. Qe2 Qa5 15. Bd2 Qc5 16. Be3 Qa5 17. Bd2 Qc5 18. Be3 Nc4 19. Bf2 Nxb2 20. Ndb5 Qb4 21. Rd4 Bxb5 22. Rxb4 Bxe2 23. Nxe2 a5 24. Rxb7 Nc4 25. Bxc4 Rxc4 26. Rd1 Kf8 27. Rd4 Rec8 28. Rxc4 Rxc4 29. c3 Ke8 30. Kc2 d5 31. e5 Nd7 32. f4 Ra4 33. Rb2 Re4 34. Kd3 Bxe5 35. Rb5 Bc7 36. g3 Ra4 37. Nc1 e6 38. Bd4 Ke7 39. Rb7 Bd6 40. Ke2 f6 41. Bxf6+ Kxf6 42. Rxd7 Bc5 43. Nd3 Bf2 44. Ne5 Kf5 45. Kd3 1-0

[Event "Erba op-A 1st"]
[Site "Erba"]
[Date "2007.02.25"]
[Round "4"]
[White "Brunetti, Alessandro"]
[Black "Cantoro, Daniele"]
[Result "0-1"]
[WhiteElo "2005"]
[BlackElo "1933"]
[PlyCount "80"]
[EventDate "2007.02.23"]
[EventType "swiss"]
[EventRounds "5"]
[EventCountry "ITA"]
[SourceTitle "EXT 2010"]
[Source "ChessBase"]
[SourceDate "2010.11.25"]
[SourceVersion "1"]
[SourceVersionDate "2010.11.25"]
[SourceQuality "1"]

1. d4 d5 2. c3 Nf6 3. Bf4 e6 4. Nf3 Bd6 5. Bg3 0-0 6. e3 Nbd7 7. Nbd2 Ne4 8. Nxe4 dxe4 9. Nd2 f5 10. Bxd6 cxd6 11. f3 d5 12. Be2 Qg5 13. Kf2 f4 14. exf4 Qxf4 15. Nf1 Nf6 16. h3 exf3 17. Bxf3 Ne4+ 18. Kg1 Ng3 19. Nxg3 Qxg3 20. Qe2 Bd7 21. Re1 Rae8 22. Qf2 Rxf3 23. Qxf3 Qxe1+ 24. Kh2 Qh4 25. Rf1 Qe7 26. Re1 Qf6 27. Qg4 Rf8 28. Kh1 Qf2 29. Rd1 Qxb2 30. Qg3 Qe2 31. Rg1 Qb5 32. Kh2 Qc6 33. Rc1 Rc8 34. Qg5 Qd6+ 35. Kh1 Rf8 36. Re1 Qf4 37. Qe7 Qf7 38. Qd6 Bb5 39. Qc5 Bf1 40. Re5 Bxg2+ 0-1

[Event "Erba op-A 1st"]
[Site "Erba"]
[Date "2007.02.25"]
[Round "5"]
[White "Cantoro, Daniele"]
[Black "Raineri, Valerio"]
[Result "0-1"]
[WhiteElo "1933"]
[BlackElo "2143"]
[PlyCount "70"]
[EventDate "2007.02.23"]
[EventType "swiss"]
[EventRounds "5"]
[EventCountry "ITA"]
[SourceTitle "EXT 2010"]
[Source "ChessBase"]
[SourceDate "2010.11.25"]
[SourceVersion "1"]
[SourceVersionDate "2010.11.25"]
[SourceQuality "1"]

1. e4 e5 2. Nf3 Nc6 3. Bb5 a6 4. Bxc6 dxc6 5. 0-0 f6 6. h3 Be6 7. Nc3 Bc5 8. d3 Qe7 9. Be3 g5 10. Nh2 h5 11. Na4 Bd6 12. f3 b6 13. Qe1 Qd7 14. h4 c5 15. b3 Qg7 16. Nb2 Ne7 17. hxg5 fxg5 18. Kf2 g4 19. g3 h4 20. Nxg4 Bxg4 21. fxg4 Qxg4 22. Qd1 Rf8+ 23. Ke1 Rxf1+ 24. Kxf1 Qh3+ 25. Ke1 hxg3 26. Qf3 Qh2 27. Nc4 0-0-0 28. Rd1 Rg8 29. Nxd6+ cxd6 30. Qf1 g2 31. Qg1 Qg3+ 32. Kd2 Rf8 33. Re1 Ng6 34. Re2 Nh4 35. Bf2 Nf3+ 0-1

[Event "Erba op-A 1st"]
[Site "Erba"]
[Date "2007.02.24"]
[Round "2"]
[White "Ceccarini, Marco"]
[Black "Cantoro, Daniele"]
[Result "1-0"]
[WhiteElo "2050"]
[BlackElo "1933"]
[PlyCount "75"]
[EventDate "2007.02.23"]
[EventType "swiss"]
[EventRounds "5"]
[EventCountry "ITA"]
[SourceTitle "EXT 2010"]
[Source "ChessBase"]
[SourceDate "2010.11.25"]
[SourceVersion "1"]
[SourceVersionDate "2010.11.25"]
[SourceQuality "1"]

1. e4 c5 2. Nf3 Nc6 3. d4 cxd4 4. Nxd4 Nf6 5. f3 e5 6. Nb5 d6 7. c4 Nh5 8. Be3 f5 9. exf5 Bxf5 10. Bd3 Bxd3 11. Qxd3 Be7 12. N1c3 a6 13. Na3 Nf6 14. Nc2 0-0 15. 0-0 Rf7 16. Rad1 Bf8 17. Ne4 Rd7 18. Bg5 Qb6+ 19. c5 Qd8 20. cxd6 Qb6+ 21. Be3 Qd8 22. Qb3+ Kh8 23. Ng5 Qe8 24. Bc5 Rc8 25. Ne3 Nd8 26. Bb6 h6 27. Bxd8 hxg5 28. Bc7 Qh5 29. Nd5 Nxd5 30. Qxd5 Re8 31. Rfe1 g4 32. f4 g6 33. Rxe5 Qh6 34. Rxe8 Rh7 35. Rxf8+ Qxf8 36. d7 Rxd7 37. Qxd7 Qc5+ 38. Qd4+ 1-0

[Event "Erba op-A 1st"]
[Site "Erba"]
[Date "2007.02.23"]
[Round "1"]
[White "Cantoro, Daniele"]
[Black "Bozzali, Ermanno"]
[Result "0-1"]
[WhiteElo "1933"]
[BlackElo "2062"]
[PlyCount "54"]
[EventDate "2007.02.23"]
[EventType "swiss"]
[EventRounds "5"]
[EventCountry "ITA"]
[SourceTitle "EXT 2010"]
[Source "ChessBase"]
[SourceDate "2010.11.25"]
[SourceVersion "1"]
[SourceVersionDate "2010.11.25"]
[SourceQuality "1"]

1. e4 c5 2. Nf3 d6 3. d4 cxd4 4. Nxd4 Nf6 5. Nc3 a6 6. Bg5 e6 7. f4 b5 8. Qf3 Bb7 9. Bd3 Nbd7 10. 0-0-0 Qb6 11. Nb3 b4 12. Ne2 Be7 13. Ng3 h6 14. Bh4 g5 15. fxg5 Ne5 16. Qe2 Nfg4 17. Nf1 hxg5 18. Bg3 a5 19. Bb5+ Kf8 20. Ba4 Ba6 21. Qe1 Rc8 22. Kb1 Bf6 23. Nfd2 Rxc2 24. Bxe5 Nxe5 25. Nc1 Rxb2+ 26. Kxb2 Nd3+ 27. Kb1 Qd4 0-1